000 01084cam a22003137a 4500
003 CHAP
005 20220329140238.0
008 971013d1996 mx a r 00110 spa d
010 _a49177
011 _a50149
035 _a54299
040 _cCHAP
082 0 4 _a530
_bT5Y 1985
100 0 0 _aTippens, Paul E.
_9113393
245 1 0 _aFísica :
_bconceptos y aplicaciones
_c/por Paul E. Tippens
260 _aMéxico, D.F. :
_bMcGraw-Hill,
_c1996.
300 _a981 p.
_b: ilus.
500 _aTrad. de : Physics 5 ed. de 1985
590 _aBATCH-UPD
_b10
_c20130110
_lUCH01
_h1406
590 _aBATCH-UPD
_b10
_c20130410
_lUCH01
_h0855
590 _aBATCH-UPD
_b10
_c20130914
_lUCH01
_h1422
590 _aCONVERSION
_b10
_c20130109
_lUCH01
_h1327
650 1 4 _aFísica.
_941975
901 _aBK
942 _cLIBRO
949 _a530 T5Y 1985
_bBC
_cLIBRO
_d33724000821211
_eLIBRO
_h92215
_i54299
_si
_t$159.00
949 _a530 T5Y 1985
_bBC
_cLIBRO
_d33724000826699
_eLIBRO
_fc.3
_gI. 203229
_h97249
_i54299
_si
_t135.00
949 _a530 T5Y 1985
_bBC
_cLIBRO
_d33724002014785
_eLIBRO
_fc.2
_h76241
_i54299
_si
999 _c49177
_d49177